00919 a2200229 4500003000500000005001700005010001700022020002800039040000900067082001400076100002500090245005600115250001200171260004700183300004000230505020500270650002800475650003200503942001200535999001900547952012300566Nust20221013133431.0 a 2002066697 a1405105887 (alk. paper) cNust00a552.1,BES1 aBest, Myron G.9233610aIgneous and metamorphic petrology /cMyron G. Best. a2nd ed. aMalden, MA :bBlackwell Publishers,c2003. axxi, 630 p. :bill., maps ;c28 cm. aPart-1: Magmatic Rock Bodies (Page-33), Part-2: Magmatic Systems (Page-223), Part-3: Metamorphic and Systems (Page-341), Part-4: The Early History of the Earth and other Planetary Bodies (Page-529).  0aRocks, Igneous.9100183 0aRocks, Metamorphic.9100184 2ddccBK c182611d182611 00102ddc4070aMCSbMCScGENd2016-12-12o552.1,BESpMCS33483r2016-12-08w2016-12-12yBKzAlmirah No.25, Shelf No.6